Countries Closest to Ukraine - One Minute Sprint - Statistics

General Stats
  • This quiz has been taken 161 times
  • The average score is 14 of 20
Answer Stats
km Country miles % Correct
0 Romania 0
98%
0 Russia 0
98%
0 Belarus 0
95%
0 Poland 0
92%
0 Moldova 0
91%
0 Hungary 0
89%
148 Bulgaria 92
87%
0 Slovakia 0
85%
220 Lithuania 136
80%
467 Latvia 290
77%
285 Serbia 177
77%
365 Turkey 227
70%
368 Croatia 229
56%
417 Georgia 259
55%
469 Slovenia 252
54%
372 Austria 231
52%
432 Greece 269
50%
436 Bosnia and Herzegovina 271
48%
264 Czech Republic 164
48%
468 Kazakhstan 291
20%
No matching quizzes found
Score Distribution
Percent of People with Each Score
Percentile by Number Answered
Your Score History
You have not taken this quiz